000
00280nam a2200121Ia 4500
005
20251222141825.0
008
251222s9999||||xx |||||||||||||| ||spa||
082
_a
513/S25
100
_a
Santiváñez Marín, José
245
0
_a
Aritmética
264
_b
Grafotécnica
942
_c
LIB
999
_c
6933
_d
6933